| 000 | 00773cam a22002291 4500 | ||
|---|---|---|---|
| 001 | sa 68001054 | ||
| 003 | DLC | ||
| 005 | 20260227112429.0 | ||
| 008 | 710903s1965 ii 000 0 eng | ||
| 010 | _asa 68001054 //r932 | ||
| 040 |
_aDLC _cDLC _dDLC |
||
| 043 | _aa-ii--- | ||
| 050 | 0 | 0 |
_aHC435.2 _b.I6 |
| 245 | 0 | 0 |
_aIndian National Congress: souvenir, nineteen hundred and sixty five. _cEditor: Atulya Ghosh. |
| 260 | 0 |
_a[Calcutta, _b69th Session, Indian National Congress, _c1965?] |
|
| 300 |
_a127, lxiv, p. _c28 cm. |
||
| 500 | _aAt head of title: Sixtyninth Session. | ||
| 651 | 0 |
_aIndia _xEconomic conditions _y1947- |
|
| 651 | 0 |
_aIndia _xPolitics and government _y1947- |
|
| 651 | 0 |
_aWest Bengal (India) _xEconomic policy. |
|
| 700 | 1 | 0 |
_aGhose, Atulya, _d1904- _eed. |
| 999 |
_c77664 _d77664 |
||